|
|
|
|
| LEADER |
00954naa#a2200349#ar4500 |
| 001 |
000090487 |
| 003 |
SVKKK |
| 005 |
20080721105542.0 |
| 008 |
080220s2007 xo #|0||||||||0|||b|eng |
| FMT |
|
|
|
| 015 |
|
|
|a SNBRA2008/04
|
| 038 |
|
|
|a SVKKK
|
| 040 |
|
|
|a SVKKK
|b slo
|e AACR2
|
| 041 |
0 |
|
|a eng
|b eng
|
| 044 |
|
|
|a xo
|c SK
|
| 080 |
|
|
|a 656.02
|2 1997
|
| 080 |
|
|
|a 004.942
|2 1997
|
| 100 |
1 |
|
|a Berežný, Štefan
|4 aut
|
| 242 |
1 |
0 |
|a Ďalšie možnosti prepravy
|
| 245 |
1 |
0 |
|a Further options in transport
|c Štefan Berežný
|
| 504 |
|
|
|a Bibliogr. odkazy
|
| 546 |
|
|
|a Res. angl.
|
| 650 |
0 |
4 |
|a optimalizácia dopravy
|x dráha
|x bezpečnosť
|
| 650 |
0 |
4 |
|a matematické modely
|
| 773 |
0 |
|
|t MOSATT 2007 : modern safety technologies in transportation
|d Košice : Slovenská dopravná spoločnosť pri SAV, 2007
|g S. 19-21
|z 9788096976027
|
| 958 |
|
|
|a NB
|
| 974 |
|
|
|a Ni
|
| 992 |
|
|
|a RZB
|
| BAS |
|
|
|
| 852 |
|
|
|a SVKKK
|b BIB
|
| EXP |
|
|
|
| 998 |
|
|
|a SLO
|